| 000 | 00495nam a22001217a 4500 | ||
|---|---|---|---|
| 082 | _a200 THE | ||
| 100 |
_aMuhammad Saad Hameed _969475 |
||
| 245 | _aTH-SOF-1549-Impact of Perceived Organizational Support, Perceived Supervisor Support on In-Role & Extra Role Performance of Subordinates in Private Sector Organizations of Pakistan | ||
| 260 |
_aISLAMABAD _bNUST COLLEGE OF EME _c2018 |
||
| 650 |
_aMS-EM-9 , MSTHESIS _969389 |
||
| 700 |
_a Advisorl Dr. Faheem Qaisar Jamal _969476 |
||
| 942 | _cCF | ||
| 999 |
_c576735 _d576735 |
||